Silicon-based materials and devices (Record no. 1660)

000 -LEADER
fixed length control field 00785nam a22002417a 4500
001 - CONTROL NUMBER
control field 1660
003 - CONTROL NUMBER IDENTIFIER
control field BD-DhUET
008 - FIXED-LENGTH DATA ELEMENTS--GENERAL INFORMATION
fixed length control field 000831s2001 caua b 001 0 eng d
020 ## - INTERNATIONAL STANDARD BOOK NUMBER
International Standard Book Number 0125139187
040 ## - CATALOGING SOURCE
Original cataloging agency MH
Transcribing agency MH
Modifying agency CStRLIN
-- BD-DhUET
082 00 - DEWEY DECIMAL CLASSIFICATION NUMBER
Classification number 620.1
Item number NAL/2001
245 00 - TITLE STATEMENT
Title Silicon-based materials and devices
Statement of responsibility, etc. edited by Hari Singh Nalwa.
260 ## - PUBLICATION, DISTRIBUTION, ETC. (IMPRINT)
Place of publication, distribution, etc. San Diego :
Name of publisher, distributor, etc. Academic Press,
Date of publication, distribution, etc. 2001.
300 ## - PHYSICAL DESCRIPTION
Extent xvii,319p.
Other physical details ill ;
Dimensions 29 cm.
500 ## - GENERAL NOTE
General note Vol.1 (2copies)
504 ## - BIBLIOGRAPHY, ETC. NOTE
Bibliography, etc Includes bibliographies
650 #0 - SUBJECT ADDED ENTRY--TOPICAL TERM
Topical term or geographic name as entry element Silicon alloys.
700 1# - ADDED ENTRY--PERSONAL NAME
Personal name Nalwa, Hari Singh,
942 ## - ADDED ENTRY ELEMENTS (KOHA)
Koha item type Edited Book
856 42 - ELECTRONIC LOCATION AND ACCESS
Uniform Resource Identifier http://www.loc.gov/catdir/description/els031/00108486.html
856 41 - ELECTRONIC LOCATION AND ACCESS
Uniform Resource Identifier http://www.loc.gov/catdir/toc/els031/00108486.html
856 42 - ELECTRONIC LOCATION AND ACCESS
Uniform Resource Identifier http://www.e-streams.com/es0506/es0506_1923.htm
Holdings
Koha date last seen Location (home branch) Koha date last borrowed Copy number Shelving location Withdrawn status Koha full call number Koha issues (times borrowed) Sublocation or collection (holding branch) Not for loan Piece designation (barcode) Lost status Koha item type Price effective from Date acquired Koha normalized classification for sorting Damaged status Source of classification or shelving scheme
2014-09-10Central Library, BUET 1Circulation section 620.1/NAL/2001 Central Library, BUET 107025 Edited Book2014-09-102014-09-10620_000000000000000_1NAL2001  
2018-04-18Central Library, BUET2018-04-011Circulation section 620.1/NAL/20011Central Library, BUET 107026 Edited Book2014-09-102014-09-10620_000000000000000_1NAL2001  
2014-09-10Central Library, BUET 1Circulation section 620.1/NAL/2001 Central Library, BUET 107027 Edited Book2014-09-102014-09-10620_000000000000000_1NAL2001